| 000 | 00897nmc a2200289 a 4500 | ||
|---|---|---|---|
| 003 | AR-BaBNM | ||
| 005 | 20251128203844.0 | ||
| 008 | 027019s1981 ||||||||||||||000 | spa|| | ||
| 040 | _cAR-BaBNM | ||
| 100 | 1 | _aDifrieri, Horacio A. | |
| 245 | 1 | 0 |
_aBuenos Aires _bgeohistoria de una metrópoli |
| 260 |
_aBuenos Aires _bUniversidad de Buenos Aires _c1981 |
||
| 300 |
_a215 p. _bmapas |
||
| 490 | 0 |
_aDel IV centenario de Buenos Aires _vv. 1 |
|
| 500 | _aContiene referencias bibliográficas en p. 171 | ||
| 500 | _aCartografía en p. 185 | ||
| 650 | 4 | _aHISTORIA ARGENTINA | |
| 650 | 4 | _aCOLONIZACION DEL RIO DE LA PLATA | |
| 650 | 4 | _aSIGLO DIECINUEVE | |
| 650 | 4 | _aHISTORIA DE BUENOS AIRES | |
| 650 | 4 | _aURBANISMO | |
| 651 | 4 | _aBuenos Aires [Capital Federal] | |
| 800 | 1 |
_aMartiré, Eduardo _edirector |
|
| 800 | 1 |
_aRípodas Ardanaz, Daisy _edirector |
|
| 942 | _cBK | ||
| 998 | _cMARTIN | ||
| 999 |
_c5204 _d5204 |
||